MARC

LEADER 00000nam0a2200000 4500
001 354047
005 20231102010643.0
035 |a (RuTPU)RU\TPU\retro\11305 
090 |a 354047 
100 |a 20200615d1972 km y0rusy50 ca 
101 0 |a rus 
102 |a AZ 
105 |a a z 001zy 
200 1 |a Вибрации промыслового оборудования на суше и на море в нефтедобывающей промышленности  |f Г. М. Али-Заде, Н. Г. Трифель 
210 |a Баку  |c Азербайджанское государственное издательство  |d 1972 
215 |a 88 с.  |c ил. 
320 |a Библиогр.: с. 85-86 
606 1 |a Нефтепромысловое оборудование  |x Эксплуатация  |2 stltpush  |3 (RuTPU)RU\TPU\subj\45830  |9 65021 
610 1 |a вибрации 
610 1 |a вибрационная безопасность 
610 1 |a влияние на организм 
610 1 |a санитарные правила 
610 1 |a морское бурение 
610 1 |a шумовые воздействия 
610 1 |a снижение 
675 |a 622.276.05  |v 4 
700 1 |a Али-Заде  |b Г. М. 
701 1 |a Трифель  |b Н. Г. 
801 1 |a RU  |b 63413507  |c 20200615 
801 2 |a RU  |b 63413507  |c 20201214  |g RCR 
942 |c BK